000 00412nam a22001697a 4500
003 NUST - PNEC
005 20170116181054.0
008 150930b xxu||||| |||| 00| 0 eng d
020 _a9693521722
040 _cLIBRARY
082 _a897 AHM
100 _911987
_aAhmed, Ashfaq
245 _aBaba Sahaba
_cAshfaq Ahmed
260 _c2010
650 _911986
_aUrdu literature
_xGeneral books
942 _2ddc
_cBK
999 _c68482
_d68482